[Event "Kurgan"]
[Site "Kurgan"]
[Date "1994.??.??"]
[Round "8"]
[White "Rublevsky, Sergei"]
[Black "Balashov, Yuri S"]
[Result "1/2-1/2"]
[WhiteElo "2550"]
[BlackElo "2510"]
[Annotator "Stohl,I"]
[PlyCount "69"]
[EventDate "1994.??.??"]
[EventType "tourn"]
[EventRounds "11"]
[EventCountry "RUS"]
[EventCategory "8"]
[SourceTitle "CBM 043"]
[Source "ChessBase"]
[SourceDate "1994.12.01"]
[SourceVersion "1"]
[SourceVersionDate "1994.12.01"]
[SourceQuality "1"]

1. e4 d6 2. d4 Nf6 3. Nd2 g6 4. Ngf3 Bg7 5. Bd3 O-O 6. O-O Nc6 (6... c5 $5 7.
c3 cxd4 8. cxd4 Nc6 9. d5 Nb4 10. Bc4 a5 11. Re1 Bd7 12. a3 Na6 13. Nb3 Ba4 14.
Qe2 Bxb3 15. Bxb3 Nc5 16. Bc2 Nfd7 17. Rb1 a4 18. Be3 Qa5 19. h4 h5 20. Ng5 Qa6
$15 {Meduna,E-Jirovsky,Pe/Prague Mladi/1994/}) 7. c3 Re8 (7... Nd7 $5 8. Nc4 e5
$10) (7... Nh5 8. Nc4 e5 9. Bg5 (9. dxe5 Nxe5 10. Nfxe5 dxe5 11. g3 $14) 9...
f6 10. Be3 Kh8 11. Re1 Bd7 12. Be2 Qe7 13. Qb3 Nd8 14. Rad1 Qe8 15. Rd2 b6 16.
Qd1 Nf7 17. Nh4 Nf4 18. Bxf4 exf4 $132 {Manor,I-Hickl,J/Tel-Aviv/1989/}) 8. Re1
(8. Nc4 Nd7 $5 {/\e5=} (8... Nxe4 $2 9. d5 $1 Nxc3 10. bxc3 Bxc3 11. Rb1 $16) (
8... e5 9. dxe5 Nxe5 10. Nfxe5 dxe5 11. a4 Nd7 12. Be3 Nf8 13. Qc2 Qe7 14. Rfd1
Ne6 15. Bf1 Bd7 16. b4 Red8 17. Rd2 h5 18. Rad1 Qe8 19. b5 $14 {Meduna,
E-Schmidt,W/Baile Herculane zt/1982/})) 8... e5 9. h3 (9. dxe5 Nxe5 $1 10. Nxe5
Rxe5 11. Nc4 Re7 $10) 9... a6 10. Nf1 (10. Nc4 $6 exd4 11. cxd4 d5 $15) 10...
b6 (10... d5 $5 11. exd5 (11. dxe5 Nxe4 12. Bxe4 dxe4 13. Qxd8 Rxd8 14. Rxe4
Rd1 $1 $15) 11... Nxd5 12. dxe5 (12. Bg5 f6 13. Bd2 exd4 $10) 12... Nxe5 13.
Nxe5 Rxe5 14. Rxe5 Bxe5 15. Be4 Be6 $10) 11. Ng3 Bb7 12. d5 $5 Nb8 13. c4 Nbd7
14. Be3 c6 (14... a5 15. a3 $14 {/\} a4 $2 16. Bc2) 15. dxc6 (15. b4 a5 $1 $132
{/\} 16. a3 $6 axb4 17. axb4 Rxa1 18. Qxa1 cxd5 19. cxd5 Bxd5 $1 20. exd5 e4
$36) (15. Bc2 $5 $14) 15... Bxc6 16. b4 Nf8 (16... b5 17. Rc1 $36) 17. Qb3 a5
18. a3 Ne6 $132 {פg3} 19. Rac1 (19. Nd2 Nd4 $5 $13) 19... axb4 20. axb4 Qc7
21. Nd2 Qb7 22. f3 Nf4 23. Bf1 (23. Bxf4 $6 exf4 24. Ne2 Nh5 $17 {/^a1-h8})
23... Ba4 24. Qb1 (24. Qb2 $5 Bd7 25. Nb1 {/\Nc3-d5}) 24... Bd7 25. Ne2 Nxe2+
26. Bxe2 Nh5 27. Bf1 Nf4 28. Qb2 Ra4 29. Ra1 (29. Nb1 $5 Rea8 30. Nc3 Ra3 31.
Ra1 Rxa1 32. Rxa1 Rxa1 33. Qxa1 Bf6 34. b5 Bc8 $1 $10) 29... Rea8 30. Rxa4 Rxa4
31. Ra1 Rxa1 32. Qxa1 Ne6 33. Nb3 (33. b5 Nc5 $10) 33... h5 34. Qa2 Bf6 35. Kh2
(35. Kh2 h4 36. Qf2 Bd8 $10) 1/2-1/2

[Event "Zagreb zt"]
[Site "Zagreb"]
[Date "1993.??.??"]
[Round "6"]
[White "Dizdar, Goran"]
[Black "Smirin, Ilia"]
[Result "0-1"]
[WhiteElo "2490"]
[BlackElo "2590"]
[Annotator "Stohl,I"]
[PlyCount "46"]
[EventDate "1993.03.??"]
[EventType "tourn"]
[EventRounds "13"]
[EventCountry "CRO"]
[EventCategory "11"]
[SourceTitle "CBM 035"]
[Source "ChessBase"]
[SourceDate "1993.08.01"]
[SourceVersion "1"]
[SourceVersionDate "1993.08.01"]
[SourceQuality "1"]

1. Nf3 g6 2. e4 Bg7 3. d4 d6 4. Nbd2 Nf6 5. Be2 O-O 6. O-O Nc6 7. c3 (7. Re1
Nd7 $5 8. Nc4 e5 9. dxe5 Ndxe5 10. Nfxe5 Nxe5 11. Nxe5 Bxe5 12. f4 Bg7 13. c3
Re8 14. Bf3 Bd7 15. Be3 Bc6 16. Bd4 Qh4 17. g3 Qe7 18. Bxg7 Kxg7 19. Qd4+ Qf6
20. Kf2 a6 $10 {Lein,A-Titov,G/Moscow GMA-op/1989/}) 7... e5 (7... Nd7 $5 8.
Nc4 e5 9. Bg5 Qe8 10. dxe5 Ncxe5 11. Nfxe5 Nxe5 12. Ne3 h6 13. Bh4 g5 14. Bg3
Be6 15. Qc2 Qe7 16. Rad1 Rae8 17. Rfe1 a6 18. Bh5 Nc4 $132 {Dizdar,G-Belov,I/
Voskresensk/1990/}) 8. Re1 (8. dxe5 $142 Nxe5 9. Nxe5 dxe5 10. Qc2 Qe7 11. b4 (
11. Nc4 $5 $36 {/\b3}) 11... b6 12. a4 Nh5 $5 13. Bxh5 gxh5 14. b5 Qe6 15. Re1
Kh8 16. Nf1 f5 17. Ba3 Rf7 18. exf5 Qxf5 19. Qxf5 Bxf5 20. Ng3 Bg6 $132 {
Waitzkin,J-Ehlvest,J/St.Martin op/1993/}) 8... exd4 $1 {N} (8... Re8 9. Bb5 Bd7
10. d5 Nb8 11. Bxd7 Nbxd7 12. Nc4 Nc5 13. Bg5 h6 14. Bxf6 Bxf6 15. b4 Nd7 16.
Na5 Qc8 17. c4 Be7 18. Rc1 Rb8 19. Rc3 c5 20. dxc6 bxc6 21. a3 $14 {Dizdar,
G-Lukin,A/Groningen op/1991/}) 9. cxd4 Re8 {<=>e4} 10. Bb5 $6 (10. d5 Ne5 11.
Nxe5 Rxe5 12. Bd3 Re7 $13 {/\c6}) 10... Bd7 11. h3 (11. d5 Ne5 12. Bxd7 Nfxd7
13. Nxe5 Nxe5 14. Nf3 Nxf3+ 15. Qxf3 c6 $36 {@}) 11... Re7 $1 12. a3 Qe8 {
/\Ne4,Nd4} 13. Bd3 (13. d5 Ne5 14. Bxd7 Nfxd7 $15) 13... a5 $5 14. Qc2 $2 (14.
b3 Nh5 15. Bb2 Nf4 16. Bf1 f5 $36) 14... Nd5 $1 15. Rd1 (15. exd5 Rxe1+ 16.
Nxe1 Qxe1+ 17. Nf1 Nxd4 18. Qxc7 Bf5 $19) 15... Nf4 16. Bf1 (16. d5 $142 Ne5
17. Nxe5 Rxe5 $1 $17 {->>>}) 16... Ne6 $1 17. d5 Ncd4 18. Qb1 (18. Nxd4 Nxd4
19. Qb1 (19. Qxc7 Ba4 $19) 19... Ba4 $1 (19... f5 $5 $40) 20. b3 Nxb3 21. Nxb3
Bxa1 $1 (21... Bxb3 22. Qxb3 Bxa1 23. Bg5 f6 24. Be3 $13) 22. Qxa1 Bxb3 23. Bh6
f6 $19) 18... Nxf3+ 19. Nxf3 Nc5 $19 20. Be3 Nb3 $1 (20... Nxe4 21. Bd4 $17)
21. Bd3 (21. Ra2 Rxe4 $19 {צa2}) 21... Nxa1 22. Qxa1 Bb5 23. Bc2 Be2 {[Stohl]}
(23... Be2 24. Re1 Bxf3 25. gxf3 Qb5 $19) 0-1

[Event "Ter Apel"]
[Site "Ter Apel"]
[Date "1993.??.??"]
[Round "2"]
[White "Vaganian, Rafael A"]
[Black "Van Wely, Loek"]
[Result "0-1"]
[WhiteElo "2615"]
[BlackElo "2560"]
[Annotator "Stohl,I"]
[PlyCount "100"]
[EventDate "1993.03.??"]
[EventType "tourn"]
[EventRounds "5"]
[EventCountry "NED"]
[EventCategory "14"]
[SourceTitle "CBM 035"]
[Source "ChessBase"]
[SourceDate "1993.08.01"]
[SourceVersion "1"]
[SourceVersionDate "1993.08.01"]
[SourceQuality "1"]

1. Nf3 g6 2. e4 d6 3. d4 Bg7 4. Bc4 Nf6 5. Nbd2 (5. Nc3 {-B08}) (5. Qe2 $142 $5
c6 6. Bb3) 5... O-O 6. e5 $6 {N} (6. O-O Nc6 (6... c5 7. c3 $6 (7. dxc5 dxc5 8.
c3 $14) 7... cxd4 8. Nxd4 Nc6 9. Qe2 Nxd4 10. cxd4 d5 11. exd5 Nxd5 12. Bxd5
Qxd5 13. Qxe7 Qxd4 14. a4 Be6 15. Nf3 Qd5 $17 {^^@,Blaha,P-Sobek,J/1.l CR/1993/
}) 7. c3 (7. Re1 Nd7 $1 8. c3 e5 9. dxe5 Ndxe5 10. Nxe5 Nxe5 11. Bf1 Be6 12. f4
Nd7 13. Nf3 Re8 14. Be3 Nf6 15. Bf2 c6 16. Ng5 Bg4 $132 {Blatny,P-Pavlovic,M/
Smokovec/1990/}) 7... Bg4 8. Qc2 e5 9. dxe5 Nxe5 10. Nxe5 dxe5 11. f3 Bd7 12.
a4 Bh6 13. Nb3 Bxc1 14. Qxc1 Qe7 15. Qe3 Be6 16. Bxe6 Qxe6 17. Nc5 Qc6 18. Nd3
Rfe8 19. Rfd1 a5 $1 $10 {Robatsch,K-McNab,C/Debrecen EU-chT/1992/}) 6... dxe5
7. dxe5 Nd5 8. O-O Nc6 {/\Nb6><e5} 9. Re1 (9. Qe2 Bf5 $15) 9... Bf5 $1 $36 10.
Bb3 (10. c3 Nf4 {><d3}) (10. a3 $142 $5 {/\Nf1}) 10... Na5 {^^} 11. Nd4 Bc8 12.
Qf3 Nb6 $1 13. Qc3 Nxb3 14. N2xb3 (14. axb3 Nd7 $5 15. N2f3 c5 $36 {/\b6,Bb7})
14... c6 $15 15. Bg5 (15. Nc5 Qd5 $15) 15... h6 16. Bh4 g5 $1 (16... Na4 $2 17.
Qb4 {><e7}) 17. Bg3 Na4 18. Qb4 Nxb2 $1 19. a4 (19. Rab1 a5 $8 20. Nxa5 Qxa5
21. Qxa5 Rxa5 22. Rxb2 Rd8 $17) 19... Qd5 $8 20. Qxe7 b6 $1 $17 21. a5 (21. Qd6
$5 Qxd6 22. exd6 f5 23. Be5 Bxe5 24. Rxe5 Nc4 $17) 21... c5 22. Nf3 Bf5 23.
Rac1 (23. axb6 axb6 24. Rxa8 Rxa8 {><c2}) 23... Rfd8 {/\Rd7-+} 24. axb6 axb6
25. e6 $8 (25. Qc7 Nc4) 25... Bxe6 26. Ne5 c4 27. Na1 Qc5 $1 $19 {()פa1} 28.
Qxc5 bxc5 29. Nc6 Rd2 30. Be5 Bxe5 31. Nxe5 Rad8 32. h3 c3 33. Nf3 Bd5 $1 34.
Nh2 c4 35. Nf1 Be6 36. g4 (36. Ne3 f5 {/\Kf7,f4,h5,g4->}) 36... h5 $40 37. Ng3
(37. gxh5 Bxh3 $19) 37... hxg4 38. hxg4 Bxg4 39. Ne4 R8d4 40. Kg2 (40. Nxg5 f6
41. Ne6 Bxe6 42. Rxe6 Rf4 43. Rf1 Nd1 $19) 40... f5 41. Nxc3 (41. Nxg5 Be2 $19)
41... Rf4 42. Rf1 Rf3 43. Nb5 f4 44. Rce1 Rg3+ 45. Kh2 Bf3 {/\g4,Rh3-h1#} 46.
Re8+ Kg7 47. Nc7 Rg2+ (47... g4 $2 48. Ne6+ Kf7 49. Nxf4 $132) 48. Kh3 Nd1 49.
Ne6+ Kf7 50. Nxg5+ Rxg5 {[Stohl]} 0-1

[Event "Hoogovens"]
[Site "Wijk aan Zee"]
[Date "1994.01.??"]
[Round "8"]
[White "Tiviakov, Sergei"]
[Black "Smirin, Ilia"]
[Result "0-1"]
[WhiteElo "2630"]
[BlackElo "2615"]
[Annotator "Stohl,I"]
[PlyCount "108"]
[EventDate "1994.01.21"]
[EventType "tourn"]
[EventRounds "9"]
[EventCountry "NED"]
[EventCategory "14"]
[SourceTitle "CBM 040"]
[Source "ChessBase"]
[SourceDate "1994.06.01"]
[SourceVersion "1"]
[SourceVersionDate "1994.06.01"]
[SourceQuality "1"]

1. e4 d6 2. d4 Nf6 3. Nc3 g6 4. Bg5 Bg7 (4... c6 5. Qd2 b5 6. Bd3 h6 7. Bh4
Nbd7 $6 (7... g5 $142 8. Bg3 Nh5 9. Nge2 Bg7 $13 {Leko}) 8. f4 b4 9. Nce2 e5
10. dxe5 dxe5 11. Nf3 Be7 12. fxe5 Nh5 13. Bxe7 Qxe7 14. e6 Qxe6 15. Ned4 Qd6
16. e5 $1 Qd5 17. e6 $40 {Leko,P-Dao Thien Hai/Budapest/1993/}) 5. Qd2 (5. f3
c6 6. Qd2 Nbd7 7. Bh6 Bxh6 8. Qxh6 b5 9. Nge2 e5 10. dxe5 $6 dxe5 11. Nc1 Bb7
12. Nd3 Qe7 13. g3 O-O-O 14. b4 a5 15. a3 Kc7 16. Be2 axb4 17. axb4 Ra8 18. Kf2
Rxa1 19. Rxa1 Ra8 20. Rxa8 Bxa8 21. Qe3 $10 {Kristensen,B-Hansen,Cu/Vejle/1994/
}) 5... h6 6. Bh4 (6. Bf4 Nbd7 7. O-O-O g5 8. Be3 Ng4 9. h4 $5 Nxe3 10. Qxe3 g4
11. h5 c5 12. Nge2 a6 13. dxc5 Nxc5 14. Nd4 Qa5 15. Bc4 Bd7 16. Nd5 $36 {
Polgar,J-Smirin,I/Groningen PCA/1993/}) 6... g5 {׻} (6... O-O 7. f4 c6 (7...
b6 $6 8. e5 dxe5 9. fxe5 Nd5 10. O-O-O Nc6 11. Nge2 Be6 12. Nxd5 Qxd5 13. Nc3
Qa5 14. a3 Rfd8 15. Qe3 Rab8 16. Bb5 g5 17. Bg3 $16 {Winants,L-Seret,JC/Lyon
zt/1990/}) 8. Bd3 b5 9. Nf3 b4 10. Ne2 Qb6 11. h3 Re8 12. e5 Nd5 13. Bf2 Ba6
14. e6 fxe6 15. Nh4 Nd7 16. Nxg6 Bxd3 17. Qxd3 Qb5 $1 18. Qe4 Nc7 19. Bh4 Nf6
20. Bxf6 Bxf6 21. O-O-O Qd5 22. Qd3 Qxa2 23. g4 b3 $13 {Schmittdiel,E-Lau,R/
FRG-ch/1991/}) 7. Bg3 Nh5 8. O-O-O (8. f3 Nxg3 9. hxg3 Nc6 10. Nce2 d5 11. e5
f6 12. exf6 exf6 13. g4 Qd6 14. O-O-O f5 15. Qe3+ Ne7 16. gxf5 Bxf5 17. g4 Bd7
18. f4 Bxg4 19. fxg5 O-O-O $15 {Mainka,R-Preiss,M/Badenweiler op/1990/}) 8...
Nd7 (8... Nc6 9. Bb5 Bd7 10. Nge2 e5 11. dxe5 Nxe5 12. Nd4 c6 13. Be2 Nxg3 14.
hxg3 Qf6 15. f4 gxf4 16. gxf4 Ng6 17. g3 O-O-O 18. Rh5 Ne7 19. Qe3 Kb8 20. Ra5
Nc8 21. Rh5 Rde8 22. Qf2 $14 {Peresypkin-Ftacnik,L/Kiev/1978/}) (8... e6 $5 9.
Kb1 Nd7 10. Nf3 Nb6 11. d5 Bd7 12. Nd4 Qe7 13. Be2 Nxg3 14. hxg3 O-O-O 15. g4
Kb8 16. Rh3 Qf6 17. Rf3 Qg6 18. Re3 Be5 19. g3 Qg7 20. Nb3 Rde8 21. Na5 Re7 $15
{Piza,D-Danailov,S/St.Cugat op/1992/}) 9. Nge2 (9. Bc4 $5) 9... a6 (9... c5
$142 $5 $13) 10. h4 $1 g4 (10... Nxg3 11. Nxg3 $16) 11. f3 f5 $5 (11... Ndf6
12. Bf2 $16 {[+]}) 12. e5 (12. exf5 Ndf6 13. Qd3 Qd7 $13) (12. Nf4 $5 Nxf4 (
12... Nxg3 13. Ne6 Nxh1 14. Nxd8 Kxd8 15. fxg4 fxg4 16. Bd3 Ng3 17. Qf4 Nh5 18.
Qf7 Ndf6 19. e5 Rf8 20. Qg6 $16) 13. Bxf4 e5 $5 14. dxe5 Nxe5 $14) 12... Nb6
13. exd6 cxd6 14. Bf2 (14. fxg4 fxg4 15. Bf2 O-O 16. Ng3 $13) 14... Be6 15. d5
(15. Nf4 Nxf4 16. Qxf4 O-O 17. Bd3 Nd5 18. Nxd5 Bxd5 $132) 15... Nc4 16. Qe1 (
16. Qd3 Ne5 $13) 16... Bd7 17. Nd4 (17. Bd4 $5 $36) 17... Ne5 18. Ne6 Bxe6 19.
dxe6 Qa5 20. Nd5 $5 (20. Kb1 Rc8 $13 {/\Nf4}) 20... Qxa2 21. Qb4 (21. Nc7+ $2
Kd8 22. Nxa8 Nxf3 {/\Qa1#,Ne1} 23. gxf3 Qxb2+ 24. Kd2 Bc3+ $17) 21... O-O $1 $8
22. Nxe7+ Kh8 $6 (22... Kh7 23. Nd5 (23. Rxd6 Rad8 $40) 23... Rac8 $132) 23.
Rxd6 Rad8 24. Bd4 {/\Be5+-} Kh7 (24... Rxd6 25. Qxd6 Qa1+ 26. Kd2 Qa5+ 27. b4
$18) 25. Rxd8 (25. Nxf5 $5 Rxd6 (25... Rxf5 26. Rxd8 Nc6 27. Bd3 $1 $18) 26.
Nxd6 Qxe6 27. Bxe5 Qxe5 28. Bd3+ $16 {/\fg4}) 25... Rxd8 26. Nxf5 Nc6 $1 27. e7
Rxd4 $1 28. Nxd4 (28. Qxd4 Bxd4 29. e8=Q Qxb2+ 30. Kd1 Qa1+ 31. Kd2 Bc3+ 32.
Ke3 Qe1+ 33. Be2 Qd2+ 34. Kf2 g3+ $1 35. Nxg3 Bd4+ $19) 28... Nxb4 29. e8=Q Ng3
30. Qd7 $6 (30. Rg1 Qa1+ 31. Kd2 Qxb2 $17) 30... Nxh1 31. Qf5+ Kh8 32. Qc8+ Qg8
$19 33. Qxg4 (33. Qxb7 Na2+ 34. Kb1 Bxd4 $19) 33... Be5 34. Qe4 Qd5 35. Qxd5
Nxd5 36. Nf5 Ng3 37. Bc4 Nxf5 38. Bxd5 b6 39. h5 Ng3 40. Bf7 Kg7 41. Be8 Kf6
42. c3 Kg5 43. Kd2 Nxh5 44. Ke3 Bf4+ 45. Kd4 Nf6 46. Bc6 a5 47. b3 Kh4 48. g4
Kg3 49. Kd3 Nh7 50. Ke2 Ng5 51. Bd5 Be5 52. c4 Kf4 53. Kf2 Bd4+ 54. Ke2 Bc5 (
54... Bc5 55. Bc6 Ne6 {/\Nd4,><b3,f3}) 0-1

[Event "Elenite"]
[Site "Elenite"]
[Date "1994.??.??"]
[Round "6"]
[White "Topalov, Veselin"]
[Black "Gurevich, Mikhail"]
[Result "1-0"]
[WhiteElo "2645"]
[BlackElo "2620"]
[Annotator "Stohl,I"]
[PlyCount "118"]
[EventDate "1994.??.??"]
[EventType "tourn"]
[EventRounds "9"]
[EventCountry "BUL"]
[EventCategory "15"]
[SourceTitle "CBM 044"]
[Source "ChessBase"]
[SourceDate "1995.02.01"]
[SourceVersion "1"]
[SourceVersionDate "1995.02.01"]
[SourceQuality "1"]

1. e4 d6 2. d4 Nf6 3. Nc3 g6 4. Be3 Bg7 (4... c6 $142 5. Qd2 Nbd7) 5. f3 c6 6.
Qd2 b5 7. h4 (7. Bh6 Bxh6 8. Qxh6 b4 $5 9. Nd1 Qa5 10. Bd3 Ba6 11. Bxa6 Qxa6
12. Ne2 Nbd7 13. Ne3 Rb8 14. b3 Rb5 15. Nc4 d5 16. exd5 cxd5 17. Nb2 e6 18. O-O
Ke7 19. c4 bxc3 20. Nxc3 Rb6 21. Nca4 Rc6 22. Qd2 Rhc8 $10 {Kamsky,G-Gurevich,
M/Reggio Top 16/1991/}) (7. g4 $5 h5 8. g5 Nfd7 9. f4 (9. Nge2 Nb6 10. b3 N8d7
11. f4 b4 12. Nd1 c5 13. Bg2 Ba6 14. Nf2 Bxe2 15. Kxe2 $13 cxd4 $6 16. Bxd4
Bxd4 17. Qxd4 O-O 18. Qxb4 e5 19. Qxd6 exf4 20. Qxf4 Rc8 21. c4 f5 22. gxf6
Rxf6 23. Qg3 Qe7 24. Nd3 $16 {Vogt,L-Tischbierek,R/BL 9394/1994/}) 9... Bb7 10.
Bg2 Nb6 11. b3 N8d7 12. Nh3 O-O 13. f5 $1 Re8 14. O-O e5 15. d5 Qc7 16. dxc6
Bxc6 17. Rad1 Bf8 18. Qf2 Nc5 19. Nd5 Bxd5 20. exd5 Rad8 21. Kh1 Nc8 22. c3 Bg7
23. Qc2 $16 {Magem Badals,J-Izeta,F/Pamplona/1993/}) (7. Nge2 Nbd7 8. g4 Nb6 9.
Ng3 Qc7 10. O-O-O Bb7 11. g5 Nfd7 12. h4 O-O-O 13. h5 Rhg8 14. Qf2 b4 15. Nb1
c5 16. Nd2 Kb8 17. Kb1 Rc8 18. Nb3 Na4 19. Bb5 Ndb6 20. Ne2 Nxb2 $1 21. Kxb2 a6
22. Bd3 c4 $40 {Gdanski,J-Hennigan,M/Santiago Wch-jr/1990/}) (7. O-O-O Qa5 8.
Kb1 Nbd7 9. Nd5 Qxd2 10. Nxf6+ Bxf6 11. Rxd2 O-O 12. h4 Nb6 13. Bh6 Rd8 14. h5
e5 15. hxg6 hxg6 16. dxe5 dxe5 17. Rxd8+ Bxd8 18. Bd2 Be6 19. Bc3 f6 20. Nh3
Na4 21. Bd2 Bb6 22. b3 Rd8 23. Kc1 Nc5 24. Be2 Bc8 $15 {Campos Lopez,M-Hort,V/
San Antonio/1972/}) (7. Bd3 Nbd7 8. a3 a6 9. g4 c5 10. dxc5 Nxc5 11. Nge2 Bb7
12. Bh6 Bxh6 13. Qxh6 Qc7 14. Qe3 d5 $6 15. exd5 Nxd5 16. Nxd5 Bxd5 17. O-O-O
Bb7 18. Nc3 O-O 19. h4 Rac8 20. h5 Nxd3+ 21. Rxd3 a5 22. b4 $1 axb4 23. axb4 e5
24. Rhd1 Qe7 25. h6 $1 $36 {Polgar,Z-Polgar,S/Aruba/1992/}) 7... h5 8. a4 (8.
Nh3 $5 {/\Ng5+/=} Bxh3 9. Rxh3 Nbd7 10. Be2 a6 $13) 8... b4 9. Nd1 a5 10. Nf2 (
10. c3 bxc3 11. bxc3 Ba6 $10) 10... Ba6 11. Bxa6 Nxa6 12. Ne2 Nd7 $1 13. O-O (
13. c3 Nb6 14. Qd3 d5 $15 {/\Nc4}) (13. Nd3 c5 14. dxc5 Naxc5 15. Nxc5 Nxc5 16.
Bd4 (16. Bxc5 dxc5 $36 {/^a1-h8}) 16... Bxd4 17. Qxd4 O-O $10) 13... c5 14.
Rad1 cxd4 15. Bxd4 Bxd4 16. Nxd4 (16. Qxd4 $6 O-O {/\Rc8,><c2}) 16... Qb6 (
16... O-O 17. Qh6 $1 $40) 17. b3 Nac5 (17... Kf8 $5 $10 {/\Kg7,Nf6,Rhc8}) 18.
Kh1 Nf6 19. Nh3 Rc8 20. Rfe1 {/\e5|^} Ncd7 21. Nf4 Rc5 (21... O-O $142 22. Nd5
$5 Nxd5 23. exd5 Nf6 $1 (23... Rfe8 24. Qg5 $14) 24. Rxe7 Nxd5 25. Nf5 $5 Nxe7
26. Nxe7+ Kg7 27. Nxc8 Rxc8 $10) 22. Nd3 Rc8 23. Nb2 $1 {/\Nc4} Qc5 (23... Ne5
24. f4 $5 {/\Nc4,e5->}) 24. Nc4 Ne5 25. Ne3 O-O 26. Qf2 Nc6 (26... Rfd8 $10 {
/\d5}) 27. Ne2 e6 28. Nf4 Ne5 29. Rd2 $14 Rc6 30. Red1 Rfc8 31. Ne2 $1 (31. Nd3
Nxd3 32. Rxd3 d5 $10) 31... Qb6 32. Nd4 Rc3 33. Re1 R3c7 34. Nb5 Rc6 35. Qg3 (
35. Red1 Rd8 36. Kg1 $14) 35... Qc5 36. Qg5 $6 Kg7 37. Red1 Nh7 38. Qf4 g5 $1
39. Nf5+ $1 $8 (39. hxg5 Ng6 40. Nf5+ Kf8 $1 $17 {/\ef5}) 39... exf5 40. Qxf5
Ng6 (40... gxh4 41. Nxd6 {/\Rd5+-}) (40... Rd8 41. Rd5 Qxc2 42. Nxd6 $16) 41.
hxg5 $44 Ne7 (41... Qxf5 42. exf5 Ne5 43. Na7 $16) 42. Qxc5 (42. Qd7 Qxg5 $17)
42... Rxc5 43. Nxd6 R8c6 (43... Rb8 44. f4 f6 $5 45. gxf6+ Nxf6 $13) 44. f4
Rxc2 $2 (44... f6 $13) 45. Ne8+ $1 Kf8 46. Rd8 $36 Rc1 47. Nd6+ Kg7 48. Rxc1
Rxc1+ 49. Kh2 Rc6 (49... Nf8 50. f5 Nh7 51. f6+ Nxf6 52. gxf6+ Kxf6 53. Nc4 $16
) (49... f6 50. Rd7 Kf8 51. g6 Nxg6 52. Rxh7 Nxf4 53. Rf7+ Kg8 54. Rxf6 $16)
50. e5 $18 Rc5 (50... Ng6 $2 51. Nf5#) (50... Nd5 $2 51. Ne8+ Kf8 52. Nf6+ $18)
(50... Nf8 51. f5 $18) 51. Rd7 Ng6 (51... Kf8 $8 52. f5 Rxe5 53. f6 {/\Rd8#}
Nc6 54. Rxf7+ Kg8 55. Rg7+ Kf8 56. Rxh7 $18) 52. e6 $1 Rc6 53. Nf5+ Kg8 (53...
Kf8 $2 54. Rd8#) 54. e7 Re6 55. Rd8+ Nhf8 56. e8=Q Rxe8 57. Rxe8 Nxf4 58. Ra8
Nd3 59. Rxa5 Ne6 (59... Nc1 60. Nd4 $18) (59... Ne6 60. Rb5 {o^a}) 1-0

[Event "St Petersburg op"]
[Site "St Petersburg"]
[Date "1994.??.??"]
[Round "3"]
[White "Nepomnishay, Mikhail I"]
[Black "Rashkovsky, Nukhim N"]
[Result "1/2-1/2"]
[WhiteElo "2345"]
[BlackElo "2535"]
[Annotator "Stohl,I"]
[PlyCount "61"]
[EventDate "1994.02.??"]
[EventType "swiss"]
[EventRounds "9"]
[EventCountry "RUS"]
[SourceTitle "CBM 041"]
[Source "ChessBase"]
[SourceDate "1994.08.01"]
[SourceVersion "1"]
[SourceVersionDate "1994.08.01"]
[SourceQuality "1"]

1. d4 d6 2. e4 Nf6 3. f3 $5 d5 4. e5 Nfd7 (4... Ng8 5. c3 (5. Ne2 c5 6. dxc5 $5
e6 7. Be3 Nd7 8. f4 Nh6 9. Ng3 Bxc5 10. Bxc5 Nxc5 11. Nc3 Bd7 12. Qd2 O-O 13.
O-O-O Qa5 14. Kb1 Rfc8 15. Bd3 b5 16. Nh5 b4 17. Ne2 Bb5 18. g4 Bc4 {
Fedorowicz,J-Hansen,Cu/Wijk/1991/} 19. Nc1 $13) 5... c5 6. f4 cxd4 7. cxd4 Nc6
8. Nc3 Nh6 9. Be2 Nf5 10. Nf3 e6 11. a3 Bd7 12. b4 Rc8 13. Qd2 Be7 14. Bb2 (14.
O-O a5 15. g4 axb4 16. axb4 Nh6 17. h3 f6 18. exf6 gxf6 19. f5 Nf7 20. b5 Nb4
21. fxe6 Bxe6 22. Ba3 $2 (22. Bb2 $13) 22... Qc7 $1 $19 {Friedman,A-Beim,V/
Rishon le Zion/1992/} 23. Rac1) 14... O-O 15. O-O a5 16. g4 axb4 17. axb4 Nh6
18. h3 Bxb4 19. f5 f6 $8 20. exf6 Qxf6 21. g5 Qxf5 22. gxh6 Qxh3 23. Rf2 Qxh6
24. Qxh6 gxh6 $13 {Gofshtein,L-Beim,V/Tel Aviv/1992/}) 5. f4 c5 6. e6 $5 (6.
Nf3 Nc6 7. Be3 cxd4 (7... Qb6 8. Nc3 e6 9. a3 $1 cxd4 10. Nxd4 Bc5 11. Na4 (11.
Ncb5 a6 12. b4 $5) 11... Qa5+ 12. Nc3 Bxd4 13. Bxd4 Nxd4 14. Qxd4 Qc5 15. Qxc5
Nxc5 16. Nb5 Ke7 17. Bd3 Bd7 18. Nd4 g5 19. O-O gxf4 20. Rxf4 Rag8 21. Raf1 Rg7
22. R1f2 a6 23. g3 $14 {Larsen,S-Tischbierek,R/Farum/1993/}) 8. Nxd4 Nxd4 9.
Bxd4 Nb8 10. Nc3 Nc6 11. Bb5 e6 12. a3 Bd7 13. Bxc6 Bxc6 14. O-O g6 15. Qd2 Qc7
16. Rf3 b6 17. Nd1 h5 18. a4 Bc5 19. Rc3 Be7 20. b4 $1 $36 {Gelfand,B-Adams,M/
Wijk-cm (6)/1994/}) (6. c3 Nc6 7. Nf3 cxd4 (7... e6 $6 8. Bd3 Qb6 9. Bc2 g6 10.
O-O a5 11. Kh1 Be7 12. a4 cxd4 13. cxd4 Nb4 14. Bb3 Nb8 15. Nc3 N8c6 16. Be3
Na7 17. Qd2 Bd7 18. Bd1 Qd8 19. Be2 Rb8 20. Rac1 b5 21. axb5 Nxb5 22. g4 $14 {
Oll,L-Ehlvest,J/Pamplona/1991/}) 8. cxd4 Nb6 9. Nc3 Bf5 (9... Bg4 10. Be3 e6
11. h3 Bf5 (11... Bxf3 12. Qxf3 Bb4 $5 $132) 12. Bb5 Be7 13. O-O O-O 14. Bxc6
bxc6 15. b3 a5 16. a4 Bb4 17. Na2 Ba3 18. Nc1 Be7 19. Nd3 Nd7 20. Rc1 Qb6 21.
Nc5 Ra7 22. g4 Bg6 23. Nd2 $16 {Hoi,C-Fioramonti,H/Genf op/1991/}) 10. Be2 e6
11. O-O Be7 12. b3 O-O 13. Bb2 f6 $5 14. exf6 Bxf6 15. Ne5 Nd7 16. Kh1 Ndxe5
17. dxe5 Be7 18. Bd3 Bc5 19. Ne2 Qh4 20. a3 Bb6 $13 {Hoeksema,E-Hodgson,JM/
Leeuwarden op/1993/}) 6... fxe6 7. Bd3 g6 (7... Nf6 8. dxc5 (8. Nf3 $5) 8...
Qa5+ 9. c3 Qxc5 10. Nf3 $44 {><e6,Bc8}) 8. h4 (8. Nf3 Bg7 $13) 8... Bg7 (8...
cxd4 9. h5 g5 10. h6 $1 $36) 9. h5 Nc6 10. Nf3 (10. hxg6 $5 h6 $5 $13 (10... c4
11. Rxh7 $1 (11. Bf1 hxg6) 11... cxd3 (11... Rxh7 12. gxh7 {/\Qh5+-}) 12. Rxg7
Nxd4 13. Qxd3 Nf5 14. Rh7 $16)) 10... Nxd4 11. Ng5 {/\c3,Nh7!} c4 12. c3 Nc5 $1
13. Bf1 $8 Nf5 14. hxg6 hxg6 15. Rxh8+ Bxh8 16. g4 Nd6 (16... Nh4 $2 17. Qc2 $1
{/\Qf2}) 17. Qc2 Nce4 $5 (17... Kd7 18. Qxg6 Kc6 19. Be3 $13) 18. Nxe4 Nxe4 19.
Nd2 Nxd2 20. Qxg6+ Kd7 21. Bxd2 Kc7 22. O-O-O Bd7 23. Be3 Qg8 24. Qh5 e5 (24...
Rf8 $5 $15) 25. Be2 $1 (25. f5 e6 $15) 25... Qe6 26. f5 Qc6 27. Qf7 $44 e6 $8
28. Bf3 e4 $8 29. Be2 Be5 30. g5 Qd6 $1 31. fxe6 (31. g6 $2 Bf4 $1 32. Bxf4
Qxf4+ 33. Kb1 Qxf5 $17) (31. fxe6 Qxe6 32. Qf2 $5 $132 (32. g6 Qxf7 33. gxf7
Be6 34. Rf1 Bd6 $1 (34... Rf8 $6 35. Bh5 Bg7 36. Rg1) 35. Bh6 Bf8 $15)) 1/2-1/2